00471nam a22001697a 450000500170000001000130001702000250003003500130005503700160006804000120008408200130009610000260010924501070013526000210024230000260026365000120028920170124110242.0 aB-220937 c00.00a9789036615785 aB-220937 bCen Lib/Ret aDPLbEN a069bNEU aNeubert, Hans joachim a100 most beautiful musuems of the world :cby Hans joachim Neubertba jaouney cross five continents / aRebo Publishers  a208p.c33cm(Hb)bill. aMuseums